|
|
|
|
| LEADER |
01694nam a2200433 i 4500 |
| 001 |
EBC4789976 |
| 003 |
MiAaPQ |
| 005 |
20200520144314.0 |
| 006 |
m o d | |
| 007 |
cr cnu|||||||| |
| 008 |
170203t20172017enka o 001 0 eng d |
| 020 |
|
|
|z 9781119131724
|
| 020 |
|
|
|a 9781119131731
|q (electronic bk.)
|
| 035 |
|
|
|a (MiAaPQ)EBC4789976
|
| 035 |
|
|
|a (Au-PeEL)EBL4789976
|
| 035 |
|
|
|a (CaPaEBR)ebr11332599
|
| 035 |
|
|
|a (CaONFJC)MIL989103
|
| 035 |
|
|
|a (OCoLC)959697881
|
| 040 |
|
|
|a MiAaPQ
|b eng
|e rda
|e pn
|c MiAaPQ
|d MiAaPQ
|
| 050 |
|
4 |
|a HD1691
|b .B743 2017
|
| 082 |
0 |
|
|a 363.6/1091732
|2 23
|
| 100 |
1 |
|
|a Brears, Robert C.,
|e author.
|
| 245 |
1 |
0 |
|a Urban water security /
|c Robert C. Brears.
|
| 264 |
|
1 |
|a Chichester, West Sussex, England :
|b Wiley,
|c 2017.
|
| 264 |
|
4 |
|c 2017
|
| 300 |
|
|
|a 1 online resource (299 pages) :
|b illustrations.
|
| 336 |
|
|
|a text
|2 rdacontent
|
| 337 |
|
|
|a computer
|2 rdamedia
|
| 338 |
|
|
|a online resource
|2 rdacarrier
|
| 490 |
0 |
|
|a Challenges in Water Management Series
|
| 500 |
|
|
|a Includes index.
|
| 588 |
|
|
|a Description based on print version record.
|
| 590 |
|
|
|a Electronic reproduction. Ann Arbor, MI : ProQuest, 2016. Available via World Wide Web. Access may be limited to ProQuest affiliated libraries.
|
| 650 |
|
0 |
|a Water security.
|
| 650 |
|
0 |
|a Urban hydrology.
|
| 655 |
|
4 |
|a Electronic books.
|
| 776 |
0 |
8 |
|i Print version:
|a Brears, Robert C.
|t Urban water security.
|d Chichester, West Sussex, England : Wiley, c2017
|h 299 pages
|k Challenges in Water Management Series
|z 9781119131724
|w 2016031853
|
| 797 |
2 |
|
|a ProQuest (Firm)
|
| 856 |
4 |
0 |
|u https://ebookcentral.proquest.com/lib/matrademy/detail.action?docID=4789976
|z Click to View
|